Puppet - Tyler, the Creator Lyrics - Statistics

General Stats
  • This quiz has been taken 241 times
  • The average score is 188 of 298
Answer Stats
Answer % Correct
I
99%
you
97%
You
97%
your
94%
do
93%
Do
93%
puppet,
92%
puppet
92%
a
90%
A
90%
me
90%
me,
90%
I'm
88%
I'ma
88%
control
87%
an
83%
wanna
83%
talk,
82%
talk
82%
to
82%
know
81%
don't
80%
and
79%
And
79%
call
73%
door
73%
front
72%
knock
68%
my
66%
the
66%
walk
66%
or
63%
be
62%
this
62%
this?
62%
want,
61%
want
61%
drive
59%
we
59%
it
57%
It
57%
live
57%
What
57%
'cause
56%
'Cause
56%
in
56%
is
56%
Is
56%
need
56%
need?
56%
After
55%
on
55%
so
54%
apart
53%
Ayo
52%
hour
52%
can
51%
You're
51%
bread?
50%
f***
50%
free
50%
of
50%
up
50%
yeah
50%
hug?
49%
Then
49%
vehicle,
49%
get
48%
Rudolph?
48%
that
48%
Where
48%
wish?
48%
alone?
47%
company,
47%
company
47%
not
47%
park
47%
park,
47%
See,
47%
see
47%
am
46%
city
46%
line
46%
Santa
46%
one,
45%
one
45%
start
45%
verse
45%
number
44%
at
43%
third
43%
will
43%
yours? (Yours, yours, yours)
43%
all
42%
freedom,
41%
have
41%
list
41%
put
41%
granted
40%
house
40%
can't
39%
for
39%
that's
39%
away
38%
driveway
38%
next
38%
startin'
38%
wonder
38%
wrap
38%
complex
36%
could
35%
instead
35%
It's
35%
our
35%
self
35%
than
35%
without
35%
back
34%
financial
34%
other
34%
pack
34%
air
33%
Land
33%
way
33%
bikes
31%
parasitic
31%
some
31%
find
30%
maneuver
28%
Oxygen
28%
ride
28%
sun
28%
come
27%
hate
25%
But
24%
son,
24%
been
23%
through
23%
Z,
23%
breathe
22%
Breathe
22%
senses
22%
somethin'
22%
take
22%
trying
21%
God,
20%
point
20%
chase
19%
Run
18%
song
18%
lost,
17%
you've
17%
just
15%
stopped
15%
Aye,
13%
he's
12%
'thon,
12%
gonna
10%
nah
5%
No matching quizzes found
Score Distribution
Percent of People with Each Score
Percentile by Number Answered
Your Score History
You have not taken this quiz